Dodatočné autentifikovanie používateľa pomocou biometrických charakteristík pod Android platformou
Na minha lista:
| Autor principal: | |
|---|---|
| Outros Autores: | |
| Formato: | Manuscrito Livro |
| Idioma: | eslovaco |
| Publicado em: |
2020
|
| Assuntos: | |
| Acesso em linha: | http://is.stuba.sk/zp/portal_zp.pl?podrobnosti=145574 |
| Tags: |
Sem tags, seja o primeiro a adicionar uma tag!
|
MARC
| LEADER | 00000ntm a22000003a 4500 | ||
|---|---|---|---|
| 001 | stuzp75035 | ||
| 003 | SK-STU | ||
| 005 | 20200613210726.0 | ||
| 007 | ta | ||
| 008 | 150427s2015----xo-----f-mn---000-0-slo-d | ||
| 040 | |a STU |b slo | ||
| 041 | 0 | |a slo | |
| 100 | 1 | |a Štofaňák, Peter |u 070200 |4 aut |U FIIT Fakulta informatiky a informačných technológií |T FIIT Ústav informatiky, informačných systémov a softvérového inžinierstva |X 74271 |U I200 |Y 179 |7 74271 | |
| 242 | 0 | 1 | |a ADDITIONAL USER AUTHENTICATION USING BIOMETRIC FEATURES ON ANDROID PLATFORM |y eng |
| 245 | 1 | 0 | |a Dodatočné autentifikovanie používateľa pomocou biometrických charakteristík pod Android platformou |
| 260 | |c 2020 | ||
| 650 | 4 | |a dynamika dotyku |2 slo | |
| 650 | 4 | |a dynamika písania |2 slo | |
| 650 | 4 | |a biometrika |2 slo | |
| 650 | 4 | |a biometry |2 eng | |
| 650 | 4 | |a touch dynamics |2 eng | |
| 650 | 4 | |a keystroke dynamics |2 eng | |
| 700 | 1 | |a Chudá, Daniela |u 070200 |k Z1 |4 ths |U FIIT Fakulta informatiky a informačných technológií |T FIIT Ústav informatiky, informačných systémov a softvérového inžinierstva |X 38061 |U I200 |Y 179 |7 000038061 | |
| 856 | 4 | |u http://is.stuba.sk/zp/portal_zp.pl?podrobnosti=145574 | |